Sequential Experiments with Primes (Запис № 449236)

МАРК-запис
000 -LEADER
fixed length control field 03270nam a22005175i 4500
001 - CONTROL NUMBER
control field 978-3-319-56762-4
003 - CONTROL NUMBER IDENTIFIER
control field DE-He213
005 - DATE AND TIME OF LATEST TRANSACTION
control field 20210118135322.0
007 - PHYSICAL DESCRIPTION FIXED FIELD--GENERAL INFORMATION
fixed length control field cr nn 008mamaa
008 - FIXED-LENGTH DATA ELEMENTS--GENERAL INFORMATION
fixed length control field 170622s2017 gw | s |||| 0|eng d
020 ## - INTERNATIONAL STANDARD BOOK NUMBER
International Standard Book Number 9783319567624
-- 978-3-319-56762-4
024 7# - OTHER STANDARD IDENTIFIER
Standard number or code 10.1007/978-3-319-56762-4
Source of number or code doi
050 #4 - LIBRARY OF CONGRESS CALL NUMBER
Classification number QA241-247.5
072 #7 - SUBJECT CATEGORY CODE
Subject category code PBH
Source bicssc
072 #7 - SUBJECT CATEGORY CODE
Subject category code MAT022000
Source bisacsh
072 #7 - SUBJECT CATEGORY CODE
Subject category code PBH
Source thema
082 04 - DEWEY DECIMAL CLASSIFICATION NUMBER
Classification number 512.7
Edition number 23
100 1# - MAIN ENTRY--PERSONAL NAME
Personal name Caragiu, Mihai.
Relator term author.
Relator code aut
-- http://id.loc.gov/vocabulary/relators/aut
245 10 - TITLE STATEMENT
Title Sequential Experiments with Primes
Medium [electronic resource] /
Statement of responsibility, etc by Mihai Caragiu.
250 ## - EDITION STATEMENT
Edition statement 1st ed. 2017.
264 #1 -
-- Cham :
-- Springer International Publishing :
-- Imprint: Springer,
-- 2017.
300 ## - PHYSICAL DESCRIPTION
Extent XI, 279 p. 89 illus., 50 illus. in color.
Other physical details online resource.
336 ## -
-- text
-- txt
-- rdacontent
337 ## -
-- computer
-- c
-- rdamedia
338 ## -
-- online resource
-- cr
-- rdacarrier
347 ## -
-- text file
-- PDF
-- rda
505 0# - FORMATTED CONTENTS NOTE
Formatted contents note Forward -- 1. Introduction -- 2. Warming Up: Integers, Sequences, and Experimental Mathematics -- 3. Greatest Prime Factor Sequences -- 4. Conway's Subprime Function and Related Structures with a Touch of Fibonnacci Flavor -- 5. Going All Experimental - More Games and Applications -- Appendix 0 -- Visualization -- Appendix 1 -- Appendix 2 -- Appendix 3 -- References.
520 ## - SUMMARY, ETC.
Summary, etc With a specific focus on the mathematical life in small undergraduate colleges, this book presents a variety of elementary number theory insights involving sequences largely built from prime numbers and contingent number-theoretic functions. Chapters include new mathematical ideas and open problems, some of which are proved in the text. Vector valued MGPF sequences, extensions of Conway’s Subprime Fibonacci sequences, and linear complexity of bit streams derived from GPF sequences are among the topics covered in this book. This book is perfect for the pure-mathematics-minded educator in a small undergraduate college as well as graduate students and advanced undergraduate students looking for a significant high-impact learning experience in mathematics.
506 ## - RESTRICTIONS ON ACCESS NOTE
Terms governing access Available to subscribing member institutions only. Доступно лише організаціям членам підписки.
506 ## - RESTRICTIONS ON ACCESS NOTE
Standardized terminology for access restriction Online access from local network of NaUOA.
506 ## - RESTRICTIONS ON ACCESS NOTE
Standardized terminology for access restriction Online access with authorization at https://link.springer.com/
506 ## - RESTRICTIONS ON ACCESS NOTE
Standardized terminology for access restriction Онлайн-доступ з локальної мережі НаУОА.
506 ## - RESTRICTIONS ON ACCESS NOTE
Standardized terminology for access restriction Онлайн доступ з авторизацією на https://link.springer.com/
650 #0 - SUBJECT ADDED ENTRY--TOPICAL TERM
Topical term or geographic name as entry element Number theory.
650 14 - SUBJECT ADDED ENTRY--TOPICAL TERM
Topical term or geographic name as entry element Number Theory.
-- http://scigraph.springernature.com/things/product-market-codes/M25001
710 2# - ADDED ENTRY--CORPORATE NAME
Corporate name or jurisdiction name as entry element SpringerLink (Online service)
773 0# - HOST ITEM ENTRY
Title Springer eBooks
776 08 - ADDITIONAL PHYSICAL FORM ENTRY
Display text Printed edition:
International Standard Book Number 9783319567617
776 08 - ADDITIONAL PHYSICAL FORM ENTRY
Display text Printed edition:
International Standard Book Number 9783319567631
776 08 - ADDITIONAL PHYSICAL FORM ENTRY
Display text Printed edition:
International Standard Book Number 9783319859958
856 40 - ELECTRONIC LOCATION AND ACCESS
Uniform Resource Identifier <a href="https://doi.org/10.1007/978-3-319-56762-4">https://doi.org/10.1007/978-3-319-56762-4</a>
912 ## -
-- ZDB-2-SMA
942 ## - ADDED ENTRY ELEMENTS (KOHA)
Koha item type ЕКнига

Немає доступних примірників.